000 00448 a2200157 4500
003 OSt
005 20240816150913.0
008 231017b |||||||| |||| 00| 0 eng d
040 _coclc
082 _a892.73
_bGIB/A
100 1 _aGibran, Kahlil,
_d1883-1931
_92057
245 _aAl Nabi /
_cKhalil Gibran
260 _aBairuth:
_bManshurath alam alshabab,
300 _a112p
942 _2ddc
_cBK
_h892.73
_iGIB/A
_k892.73
_mGIB/A
999 _c42721
_d42721